| Tag |
First Indicator |
Second Indicator |
Subfields |
| LEADER |
00000cam a2200000 4500 |
| 001 |
in00003845760 |
| 005 |
20190415182800.0 |
| 006 |
m o d |
| 007 |
cr |n||||||||n |
| 008 |
850326s1727 enk|||| o 00||||eng c |
| 035 |
|
|
|a (CU-RivES)N16485
|
| 035 |
|
|
|a (Uk-ES)006007164
|
| 035 |
|
|
|a (OCoLC)507984420
|
| 040 |
|
|
|a CU-RivES
|c CU-RivES
|d CU-RivES
|d CStRLIN
|d CU-RivES
|d Cengage Gale
|d UtOrBLW
|
| 050 |
|
4 |
|a AC4
|b .T443 1727
|
| 245 |
0 |
4 |
|a The Altar of love :
|b Consisting of poems, and other miscellanies. By the most eminent hands. Now first collected into a volume.
|
| 264 |
|
1 |
|a London :
|b Printed for H. Curll in the Strand,
|c M.DCC.XXVII. [1727]
|
| 300 |
|
|
|a 1 online resource (6 unnumbered pages, 162240112 pages, 6 unnumbered pages, 322437, 1 unnumbered page2 unnumbered pages, v-viii, 39, 1 unnumbered page, 1832162216 pages, plates)
|
| 336 |
|
|
|a text
|b txt
|2 rdacontent
|
| 337 |
|
|
|a computer
|b c
|2 rdamedia
|
| 338 |
|
|
|a online resource
|b cr
|2 rdacarrier
|
| 500 |
|
|
|a Includes: 'An apology for the writings of Walter Moyle'; 'Popeana'; 'Cythereia'; 'The rape of the smock', 2nd edition, London, H. Curll, 1727; 'Buckingham-house'; 'The shipman's tale'; 'The patch', London, E. Curll, 1724; 'Reason'; 'The Richmond beauties', London, E. Curll, 1722; 'The last epiphany'; 'Bury-fair'; 'A catalogue of books printed for H. Curll' (First line of text: "Bishop Bull's vindication of the Church of England, from the").
|
| 500 |
|
|
|a Price on title page: (Price Six Shillings.)
|
| 509 |
|
|
|a Plates not counted as part of gatherings
|
| 510 |
4 |
|
|a Case,
|c 340
|
| 510 |
4 |
|
|a English Short Title Catalog,
|c N16485.
|
| 500 |
|
|
|a Reproduction of original from National Library of Scotland.
|
| 500 |
|
|
|a Electronic resource.
|
| 650 |
|
0 |
|a English poetry
|y 18th century.
|0 http://id.loc.gov/authorities/subjects/sh85043936
|
| 655 |
|
7 |
|a Electronic books.
|2 local
|
| 710 |
2 |
|
|a Gale (Firm)
|0 http://id.loc.gov/authorities/names/no2008071348
|
| 752 |
|
|
|a Great Britain
|b England
|d London.
|
| 856 |
4 |
0 |
|u http://proxy.library.tamu.edu/login?url=http://find.galegroup.com/ecco/infomark.do?contentSet=ECCOArticles&docType=ECCOArticles&bookId=1669400100&type=getFullCitation&tabID=T001&prodId=ECCO&docLevel=TEXT_GRAPHICS&version=1.0&source=library&userGroupName=txshracd2898
|z Connect to the full text of this electronic book
|t 0
|
| 999 |
f |
f |
|s 035d62c9-8bd6-343e-bdec-23d675b5a5d6
|i 61578c68-82f6-3cbc-a137-32971f49cef2
|t 0
|
| 952 |
f |
f |
|a Texas A&M University
|b College Station
|c Electronic Resources
|d Available Online
|t 0
|e AC4 .T443 1727
|h Library of Congress classification
|
| 998 |
f |
f |
|a AC4 .T443 1727
|t 0
|l Available Online
|